| 000 | 00970cam a2200205 4500 | ||
|---|---|---|---|
| 001 | WB3909-16 | ||
| 008 | 030305n2003 000 0 eng u | ||
| 035 | _a(Sirsi) u121517 | ||
| 245 | _aDrop in London right-to-buy sales | ||
| 260 | _c2003 | ||
| 490 |
_aHousing Today _v(321) 21 February 2003, 10(1) |
||
| 520 | _aFigures from the ODPM revealed that right-to-buy sales in London had fallen by 10% while the other eight regions showed increases with the southeast of England recording the lowest. The drop leaves opinion divided over plans to cut right-to-buy discounts and comes as changes to the right-to-buy discount system were due to be laid before parliament. "ODPM housing statistics: council house sales" http://www.housing.odpm.gov.uk/statistics/publicat/chousesales/progress/index.htm | ||
| 590 | _aWB | ||
| 650 | _aRIGHT TO BUY SCHEMES | ||
| 650 | _aCOUNCIL HOUSING | ||
| 650 | _aSTATISTICS | ||
| 650 | _aLONDON | ||
| 690 | _aHOUSING | ||
| 942 | _n0 | ||
| 999 |
_c72221 _d72221 |
||